00479nam a22001457a 4500041001200000082001500012100002300027245003200050260008400082300000700166650002400173942000700197952011200204999001700316 aEnglish a294.38 HAN aHan-Shan, Te-Ching aPure Land of The Patriarchs aNew York, USbSutra Translation Committee of the United States and Canadac1993 a60 aBuddhism-Dhammapada cBK 00104070aHMIbHMIcGENd2018-05-09eDirectorg100.00l0o294.38 HANp11-3651r2018-05-09w2018-05-09yBK c21004d21004